Trade promotion

Nástroj komunikačnej stratégie v distribučnej sieti veľkoobchodníkov a maloobchodníkov - trade promotion. Ciele trade promotion. Formy stimulácie obchodníka: cenové zľavy, bonusové a prémiové balenia, umiestnenie, P.O.P. materiály, dlhodobé programy, vzťah k spotrebiteľovi a podpora mediálnou reklam...

Descrizione completa

Salvato in:
Dettagli Bibliografici
Autore principale: Kušnírová, Miriam
Natura: Libro
Lingua:slovacco
Soggetti:
Tags: Aggiungi Tag
Nessun Tag, puoi essere il primo ad aggiungerne!!

MARC

LEADER 00000nam a2200000 4500
001 r030133
005 20230922094643.7
041 0 |a slo 
044 |a SK 
245 1 0 |a Trade promotion  |c Miriam Kušnírová 
520 |a Nástroj komunikačnej stratégie v distribučnej sieti veľkoobchodníkov a maloobchodníkov - trade promotion. Ciele trade promotion. Formy stimulácie obchodníka: cenové zľavy, bonusové a prémiové balenia, umiestnenie, P.O.P. materiály, dlhodobé programy, vzťah k spotrebiteľovi a podpora mediálnou reklamou. 
610 2 0 |a marketing 
610 2 0 |a stratégia marketingová 
610 2 0 |a veľkoobchod 
610 2 0 |a maloobchod 
610 2 0 |a obchodníci 
610 2 0 |a podpora predaja 
610 2 0 |a politika cenová 
610 2 0 |a distribúcia 
610 2 0 |a reklama 
610 2 0 |a marketing priamy 
610 2 0 |a práca s verejnosťou 
100 1 |a Kušnírová, Miriam